Statistics for Debut Teams of NBA Players

Click here to take the quiz!

General Stats

  • This quiz has been taken 104,705 times
    (24,486 since last reset)
  • The average score is 16 of 21

Answer Stats

PlayerTeam% Correct
LeBron JamesCavaliers
99%
Shaquille O'NealMagic
96%
Vince CarterRaptors
91%
James HardenThunder
91%
Kyrie IrvingCavaliers
87%
Kevin GarnettTimberwolves
87%
Allen Iverson76ers
85%
Kareem Abdul-JabbarBucks
83%
Jimmy ButlerBulls
81%
Carmelo AnthonyNuggets
81%
Dwight HowardMagic
79%
Kevin DurantSuperSonics
79%
Charles Barkley76ers
74%
Pau GasolGrizzlies
72%
Chris BoshRaptors
70%
Chris PaulHornets
69%
Tracy McGradyRaptors
65%
Ray AllenBucks
63%
Nate RobinsonKnicks
54%
Grant HillPistons
51%
Chris WebberWarriors
44%

Score Distribution

Percentile by Number Answered

Percent of People with Each Score

Your Score History

You have not taken this quiz since the last reset